Ce quiz n'est PAS un quiz Harry Potter - Statistiques

Statistiques générales
  • Ce quiz a été pris 313 fois
  • Le résultat moyen est 3 sur 5
Statistiques - réponses
Hint Réponse % Correct
Jeune sorcier héros d'une série de livres à succès écrits par J.K.Rowling T'as pas pu t'empêcher de répondre, hein ? C'était plus fort que toi, HEIN ?!
97%
Capitale de la Bulgarie Sofia
76%
14 x 22 308
75%
Pays insulaire comprenant 4 fois la même voyelle et aucune autre. Madagascar
39%
Qui a donné son nom à la dynastie des Mérovingiens ? Mérovée
30%
Aucun quiz correspondant
Distribution des résultats
% des personnes avec chaque résultat
Percentile par nombre de réponses
Votre historique - résultats
Vous n’avez pas pris ce quiz